Effective leadership theory, cases, and applications

Guardat en:
Dades bibliogràfiques
Autor principal: HUMPHREY, Ronald H.
Format: Llibre
Idioma:anglès
Publicat: Sage Publications 2014
Etiquetes: Afegir etiqueta
Sense etiquetes, Sigues el primer a etiquetar aquest registre!

MARC

LEADER 00000nam a22000007a 4500
008 201218b ||||| |||| 00| 0 eng d
020 |a 978-1-4129-6355-8 
100 |a HUMPHREY, Ronald H. 
245 |a Effective leadership  |b theory, cases, and applications  |c Ronald H. Humphrey  |g  xxiv: 451p; ill. 
260 |b Sage Publications  |c 2014  |h Los Angeles  |i 693363  |i 693364   |l HD57.7 .H88  |m Leadership.  |m Leadership – Case studies 
942 |a lcc  |c BK  |e YUNUSA, A.A  |f 18/12/2020 
952 |0 0  |1 0  |2 lcc  |4 0  |6 HD00577 H88  |7 0  |9 793  |a HOL  |b MPL  |c GJ  |d 2020-12-18  |l 0  |o HD57.7 .H88  |p 2020-230008  |r 2020-12-18 00:00:00  |w 2020-12-18  |y BK 
952 |0 0  |1 0  |2 lcc  |4 0  |6 HD00577 H88  |7 0  |9 795  |a HOL  |b HOL  |c GJ  |d 2020-12-18  |l 0  |o HD57.7 .H88  |p 2020-230010  |r 2020-12-18 00:00:00  |w 2020-12-18  |y BK 
999 |c 451  |d 451